000 00955cab a2200253 4500
001 WB3508-01
008 090401t1999 xxu||||| |||| 00| 0 eng d
035 _a(Sirsi) u91555
041 _aeng
245 _aNew sales tax causes anger in art world
260 _c1999
350 _a0
490 _aTimes
_v22 Febuary 1999, 8
490 _aFinancial Times
_v25 Febuary 1999, 2
490 _aDaily Telegraph
_v25 February 1999, 5;26 February 1999, 6&31
490 _aDTI Press Notice
_v(P/99/167) 25 February 1999, (7)
520 _aA new tax which means royalties will be paid to the artist or the artist`s family every time a work is sold has appalled dealers and auctioneers. The "droit de suite" tax due to be approved by the European Commission this week is postponed.
650 _aART MARKET
650 _aAuctioneering
_96218
650 _aDIRECTIVE 2001/84/EC
690 _aArts and antiques
_96217
942 _n0
948 _c24/02/1999
999 _c58129
_d58129